<?xml version="1.0" encoding="UTF-8"?>
<record
    xmlns:xsi="http://www.w3.org/2001/XMLSchema-instance"
    xsi:schemaLocation="http://www.loc.gov/MARC21/slim http://www.loc.gov/standards/marcxml/schema/MARC21slim.xsd"
    xmlns="http://www.loc.gov/MARC21/slim">

  <leader>00476nam a22001577a 4500</leader>
  <controlfield tag="003">OSt</controlfield>
  <controlfield tag="005">20250515115542.0</controlfield>
  <controlfield tag="008">250430b        |||||||| |||| 00| 0 eng d</controlfield>
  <datafield tag="020" ind1=" " ind2=" ">
    <subfield code="a">9780801440694</subfield>
  </datafield>
  <datafield tag="040" ind1=" " ind2=" ">
    <subfield code="c">RDA</subfield>
  </datafield>
  <datafield tag="100" ind1=" " ind2=" ">
    <subfield code="a">CULPEPPER,PEEPER D.,</subfield>
    <subfield code="e">author</subfield>
    <subfield code="9">753508</subfield>
  </datafield>
  <datafield tag="245" ind1=" " ind2=" ">
    <subfield code="a">CREATING COOPERATION:</subfield>
    <subfield code="b">How States Develop Human Capital in Europe</subfield>
    <subfield code="c">by Pepper D. Culpepper </subfield>
  </datafield>
  <datafield tag="260" ind1=" " ind2=" ">
    <subfield code="a">LONDON,UK:</subfield>
    <subfield code="b">CORNELL UNIVERSITY,</subfield>
    <subfield code="c">2003</subfield>
  </datafield>
  <datafield tag="300" ind1=" " ind2=" ">
    <subfield code="a">xvi,239p.</subfield>
  </datafield>
  <datafield tag="942" ind1=" " ind2=" ">
    <subfield code="2">CC</subfield>
    <subfield code="c">GB</subfield>
    <subfield code="n">0</subfield>
    <subfield code="e">1</subfield>
  </datafield>
  <datafield tag="999" ind1=" " ind2=" ">
    <subfield code="c">1309790</subfield>
    <subfield code="d">1309790</subfield>
  </datafield>
  <datafield tag="952" ind1=" " ind2=" ">
    <subfield code="0">0</subfield>
    <subfield code="1">0</subfield>
    <subfield code="2">CC</subfield>
    <subfield code="4">0</subfield>
    <subfield code="7">0</subfield>
    <subfield code="a">FMSL</subfield>
    <subfield code="b">FMSL</subfield>
    <subfield code="c">GEN</subfield>
    <subfield code="d">2017-11-06</subfield>
    <subfield code="g">2893.25</subfield>
    <subfield code="l">0</subfield>
    <subfield code="o">X:9    P3</subfield>
    <subfield code="p">ML1634661</subfield>
    <subfield code="r">2025-04-30 10:44:25</subfield>
    <subfield code="w">2025-04-30</subfield>
    <subfield code="y">GB</subfield>
  </datafield>
</record>
